00993nam a2200289 a 450000100060000000300080000600500170001400800410003102000150007202000220008703500190010904000270012804100080015508200220016310000390018524500980022426000420032230000270036450000200039150400320041165000280044365000330047165000360050494200120054099900170055295201340056962261BD-RjUL20211209081048.0850717s1985 enk b 001 0 eng  a0416399304 a0416399401 (pbk.) a(BD-RjUL)62387 aDLCcDLCdBD-RjULbeng aeng00a809223bNOC 19851 aNorris, Christopherd1947-918518814aThe contest of faculties :bphilosophy and theory after deconstruction /cChristopher Norris. aLondon ;aNew York :bMethuen,cc1985 aviii, 247 p. ;c23 cm. aIncludes index. aBibliography: p. [229]-242. 0aDeconstruction.9170810 0aNarration (Rhetoric)9185010 0aLiteraturexPhilosophy.9170808 2ddccBK c62261d62261 00102ddc40718NFICaRUCLbRUCLcReadingd2008-09-06eProsashok R. Ul0o809 NOC 1985r2017-01-23 00:00:00tC-1w2017-01-23yBK